Sankashū /

Saved in:
நூற்பட்டியல் விவரங்கள்
தலைமை எழுத்தாளர்: Saigyō, 1118-1190.
மற்ற எழுத்தாளர்கள்: Itō, Yoshio, 1904-
வடிவம்: புத்தகம்
மொழி:Japanese
வெளியீடப்பட்டது: Tōkyō : Asahi Shinbunsha, Shōwa 44 [1969]
தொகுதி:Nihon koten zensho.
குறியீடுகள்: குறிச்சொல் இணை
குறியீடுகள் இல்லை, இந்த குறிச்சொல்லை முதலில் பதிவு செய்யுங்கள்!
LEADER 00917nam a2200265ui 4500
001 007724601-2
005 20024617122053.0
008 980302s1969 ja f 000 0 jpn d
035 0 |a ocm38532108 
040 |a *YNH*  |c *YNH*  |d CStRLIN 
100 0 |6 880-01  |a Saigyō,  |d 1118-1190. 
245 1 0 |6 880-02  |a Sankashū /  |c Saigyō cho ; Itō Yoshio kōchū. 
260 |6 880-03  |a Tōkyō :  |b Asahi Shinbunsha,  |c Shōwa 44 [1969] 
300 |a 338 p. :  |b plates ;  |c 19 cm. 
490 1 |6 880-04  |a Nihon koten zensho 
700 1 |6 880-05  |a Itō, Yoshio,  |d 1904- 
880 0 |6 100-01  |a 西行,  |d 1118-1190. 
880 1 0 |6 245-02  |a 山家集 /  |c 西行著; 伊藤嘉夫校註. 
880 |6 260-03  |a 東京 :  |b 朝日新聞社,  |c 昭和44 [1969] 
880 1 |6 490-04  |a 日本古典全書 
880 1 |6 700-05  |a 伊藤嘉夫,  |d 1904- 
830 0 |6 880-54  |a Nihon koten zensho. 
880 0 |6 830-54  |a 日本古典全書. 
988 |a 20021221 
906 |0 MH